Statistics for Фантастическая викторина

Click here to take the quiz!

General Stats

  • This quiz has been taken 8 times
  • The average score is 4 of 15

Answer Stats

ВопросОтвет% Correct
Истинный король Гондора, наследник ИсилдураАрагорн
50%
Серия рассказов и повестей Говарда Лавкрафта о
контактах людей с древней цивилизацией невообразимых
космических существ
Мифы Ктулху
50%
Французский классик мировой фантастики, буквально
погружающий читателей в удивительный морской мир
Жюль Верн
50%
Как звучит ответ на основной вопрос жизни, вселенной
и всего остального?
42
38%
Довольно известная серия юмористических фэнтэзи-
романов Терри Пратчетта
Плоский мир
25%
Один из образов Дэвида Боуи: звёздный герой родом
с Марса
Зигги Стардаст
25%
Пост-апокалиптический роман Ричарда Мэтисона,
повествующий о выживании одинокого охотника на
представителей антропоморфной расы пожирателей
плоти
Я - легенда
25%
Поджанр научной фантастики, затрагивающий темы
морального, политического, социального и экономического
разложения слишком высоко технически развитых обществ
Киберпанк
25%
Главный герой цикла н/ф-романов Фрэнка Герберта
"Хроники Дюны"
Пол Атрейдес
25%
Какой тест обязаны проходить андроиды в романе
Филипа Дика "Мечтают ли андроиды об электроовцах?"
и его экранизации - "Бегущий по лезвию"?
Тест на эмпатию /
Тест Войта-Кампфа
25%
По какому роману Станислава Лема в 2023-м году
вышла видеоигра?
Непобедимый
13%
В какой своей серии рассказов Айзек Азимов
сформулировал три закона роботехники?
Я, робот
13%
Роман Стивена Кинга о выживании остатков человечества
после пандемии смертельно опасной формы гриппа
Противостояние
13%
Этот древнегреческий сатирик считается одним из самых
первых писателей-фантастов в истории
Лукиан из Самосаты
13%
Научное название оживших мертвецовКадавры
13%

Score Distribution

Percentile by Number Answered

Percent of People with Each Score

Your Score History

You have not taken this quiz